00321nam a2200133Ia 45000030006000000080041000060400015000471000031000622450029000932500010001222600026001325460012001580050017001700STCL150530s9999 xx 000 0 und d aSTCLcSTCL aPound; Cookson, W.; Editor aSelected prose 1909-1965 aFirst bFaber and Faberc1978 aEnglish20220125171135.0